000 00761nam a2200181 i 4500
001 182390
003 ES-MaACL
005 20250805050016.0
008 130807s1989 sp |||| | spa d
100 1 _aRevulta Tubino, Matilde.
_9153197
245 1 3 _aUn académico olvidado
_b: Francisco María Tubino, a los cien años de su muerte (1833-1888) /
_cMatilde Revuelta Tubino.
260 _aMadrid :
_bReal Academia de Bellas Artes de San Fernando,
_c1989.
300 _aP. [61]-100 :
_b1 retr. ;
_c26 cm.
595 _aSeparata de: Academia: boletín de la Real Academia de Bellas Artes de San Fernando, nº 68, primer semestre de 1989.
600 1 4 _aTubino, Francisco María,
_d1833-1888
_9111620
852 _aES-MaACL
_j2323-F-1
999 _c182390
_d182390